[Event "Irkutsk-ch"]
[Site "Irkutsk"]
[Date "2016.12.26"]
[Round "8"]
[White "Suvorov, Sergei"]
[Black "Shelk, Alexander"]
[Result "1-0"]
[WhiteElo "2311"]
[BlackElo "2302"]
[PlyCount "91"]
[EventDate "2016.12.16"]
[EventType "tourn"]
[EventRounds "9"]
[EventCountry "RUS"]
[SourceTitle "CBM 176 Extra"]
[Source "ChessBase"]
[SourceDate "2017.03.02"]
[SourceVersion "1"]
[SourceVersionDate "2017.03.02"]
[SourceQuality "1"]

1. e4 c5 2. Nf3 e6 3. d4 cxd4 4. Nxd4 a6 5. Bd3 Nc6 6. Nxc6 dxc6 7. f4 e5 8. f5 Nf6 9. Nd2 Bc5 10. Qf3 0-0 11. g4 b5 12. g5 Nd7 13. Nb3 Bb6 14. a4 Bb7 15. Rf1 Nc5 16. Nxc5 Bxc5 17. Bd2 Qd6 18. Ke2 Rfd8 19. Rad1 Qf8 20. Qg3 Rd4 21. g6 Be7 22. gxh7+ Kh8 23. f6 Bd6 24. Rg1 g6 25. Qh4 Qe8 26. c3 Rxd3 27. Kxd3 c5 28. Bh6 Bf8 29. Bxf8 Qxf8 30. axb5 axb5 31. Ra1 Rb8 32. Kc2 b4 33. Rgd1 b3+ 34. Kd2 g5 35. Qxg5 Bxe4 36. Ke3 Bg6 37. Ra7 e4 38. h4 Rd8 39. Rxf7 Qxf7 40. Rxd8+ Kxh7 41. Rd5 Qe6 42. Rxc5 Qh3+ 43. Kd4 Qh2 44. Re5 Qf2+ 45. Kc4 Bf7+ 46. Kb5 1-0

[Event "Angarsk Cup"]
[Site "Angarsk"]
[Date "2016.03.17"]
[Round "6"]
[White "Suvorov, Sergei"]
[Black "Khutsishvili, Spiridon"]
[Result "1-0"]
[WhiteElo "2277"]
[BlackElo "2187"]
[PlyCount "97"]
[EventDate "2016.02.28"]
[EventType "tourn"]
[EventRounds "9"]
[EventCountry "RUS"]
[SourceTitle "EXT 2018"]
[Source "ChessBase"]
[SourceDate "2017.10.13"]
[SourceVersion "1"]
[SourceVersionDate "2017.10.13"]
[SourceQuality "1"]

1. e4 c5 2. Nf3 d6 3. d4 Nf6 4. Nc3 cxd4 5. Nxd4 Nc6 6. Bg5 Qb6 7. Nb3 e6 8. Bxf6 gxf6 9. Qf3 Be7 10. Qg3 Bd7 11. Qg7 0-0-0 12. Qh6 Ne5 13. Be2 Rdg8 14. Qh3 h5 15. a4 Ng4 16. Rf1 a6 17. a5 Qb4 18. 0-0-0 d5 19. Kb1 Bc5 20. Na2 Qxe4 21. Bxg4 hxg4 22. Qc3 Qc4 23. Nxc5 Qxc3 24. Nxc3 Rxh2 25. g3 Bc6 26. Rd2 Rgh8 27. Nd1 f5 28. Ne3 R8h3 29. Rfd1 Kc7 30. c4 dxc4 31. Nxc4 Bd5 32. Nb6 Kc6 33. Rc2 Rh1 34. Rdc1 Rxc1+ 35. Kxc1 Bf3 36. Nd3+ Kd6 37. Nc8+ Kd5 38. Rc7 Kd4 39. Kd2 Rh1 40. Rd7+ Ke4 41. Nd6+ Kd5 42. Nxb7+ Kc6 43. Rxf7 Kb5 44. b4 Ra1 45. Nbc5 Kc4 46. Ke3 Ra3 47. Rc7 Kd5 48. Rd7+ Kc6 49. Kd4 1-0

[Event "Angarsk Cup"]
[Site "Angarsk"]
[Date "2016.03.10"]
[Round "4"]
[White "Suvorov, Sergei"]
[Black "Medvid, Alexey"]
[Result "1-0"]
[WhiteElo "2277"]
[BlackElo "1970"]
[PlyCount "42"]
[EventDate "2016.02.28"]
[EventType "tourn"]
[EventRounds "9"]
[EventCountry "RUS"]
[SourceTitle "EXT 2018"]
[Source "ChessBase"]
[SourceDate "2017.10.13"]
[SourceVersion "1"]
[SourceVersionDate "2017.10.13"]
[SourceQuality "1"]

1. e4 e6 2. d4 d5 3. Nc3 Nf6 4. e5 Nfd7 5. f4 c5 6. Nf3 Nc6 7. Be3 cxd4 8. Nxd4 Bc5 9. Qd2 0-0 10. 0-0-0 a6 11. Nce2 Qc7 12. Kb1 b5 13. h4 Bb7 14. Rh3 b4 15. Nxc6 Bxc6 16. Bxc5 Nxc5 17. Qxb4 Ne4 18. Qd4 f6 19. Rf3 Rab8 20. exf6 Rxf6 21. Qe5 Qb7 1-0

[Event "Angarsk Cup"]
[Site "Angarsk"]
[Date "2016.03.06"]
[Round "3"]
[White "Khramkov, Yury"]
[Black "Suvorov, Sergei"]
[Result "0-1"]
[WhiteElo "2025"]
[BlackElo "2277"]
[PlyCount "68"]
[EventDate "2016.02.28"]
[EventType "tourn"]
[EventRounds "9"]
[EventCountry "RUS"]
[SourceTitle "EXT 2018"]
[Source "ChessBase"]
[SourceDate "2017.10.13"]
[SourceVersion "1"]
[SourceVersionDate "2017.10.13"]
[SourceQuality "1"]

1. d4 Nf6 2. c4 g6 3. Nc3 Bg7 4. e4 d6 5. Nf3 0-0 6. h3 e5 7. d5 a5 8. Bg5 Na6 9. Nd2 h6 10. Be3 Nh7 11. Be2 f5 12. f3 f4 13. Bf2 Qg5 14. Rg1 Qe7 15. Qc2 Bf6 16. 0-0-0 Bh4 17. g3 fxg3 18. Bxg3 Kg7 19. Bf1 Bxg3 20. Rxg3 Qh4 21. Ne2 Ng5 22. Qc3 Nc5 23. Bg2 Kh7 24. Rh1 Bd7 25. Kb1 b5 26. Qe3 Nf7 27. Ka1 Rfb8 28. Bf1 bxc4 29. Nxc4 Rb4 30. Qc1 Bb5 31. Rg4 Qf6 32. Ng1 c6 33. dxc6 Qe6 34. Ne3 Ra4 0-1

[Event "Angarsk Golden Autumn"]
[Site "Angarsk"]
[Date "2015.10.26"]
[Round "10"]
[White "Suvorov, Sergei"]
[Black "Khramkov, Yury"]
[Result "1-0"]
[WhiteElo "2229"]
[BlackElo "2047"]
[PlyCount "103"]
[EventDate "2015.10.19"]
[EventType "tourn"]
[EventRounds "13"]
[EventCountry "RUS"]
[SourceTitle "EXT 2018"]
[Source "ChessBase"]
[SourceDate "2017.10.13"]
[SourceVersion "1"]
[SourceVersionDate "2017.10.13"]
[SourceQuality "1"]

1. e4 e6 2. d4 d5 3. Nc3 Nf6 4. e5 Nfd7 5. f4 c5 6. Nf3 Nc6 7. Be3 cxd4 8. Nxd4 Bc5 9. Qd2 0-0 10. 0-0-0 Nxd4 11. Bxd4 a6 12. Bxc5 Nxc5 13. Qe3 Qc7 14. Be2 b5 15. Bf3 b4 16. Ne2 a5 17. Kb1 Ba6 18. Nd4 a4 19. Rc1 a3 20. b3 Rac8 21. Qd2 Qb6 22. f5 Nd3 23. Qe3 Nxc1 24. Rxc1 exf5 25. Nxf5 Qxe3 26. Nxe3 d4 27. Nd5 Rb8 28. Rd1 Rfe8 29. Nc7 Bb5 30. Nxe8 Bxe8 31. Rxd4 Kf8 32. Kc1 Ke7 33. Bd5 Rd8 34. Rd2 Bb5 35. Kd1 Bf1 36. Ke1 Bb5 37. Bc4 Rb8 38. Bd5 Rd8 39. Be4 Rxd2 40. Kxd2 Ke6 41. c3 Kxe5 42. Bd3 Bc6 43. g3 h6 44. cxb4 Kd4 45. b5 Bb7 46. Bf5 Kc5 47. Kc3 Kxb5 48. Bd3+ Ka5 49. b4+ Ka4 50. Bc4 f6 51. Be6 Bc6 52. Kc4 1-0

[Event "Angarsk Golden Autumn"]
[Site "Angarsk"]
[Date "2015.10.25"]
[Round "8"]
[White "Suvorov, Sergei"]
[Black "Naumov, Ivan"]
[Result "1-0"]
[WhiteElo "2229"]
[BlackElo "2067"]
[PlyCount "131"]
[EventDate "2015.10.19"]
[EventType "tourn"]
[EventRounds "13"]
[EventCountry "RUS"]
[SourceTitle "EXT 2018"]
[Source "ChessBase"]
[SourceDate "2017.10.13"]
[SourceVersion "1"]
[SourceVersionDate "2017.10.13"]
[SourceQuality "1"]

1. e4 c5 2. Nf3 g6 3. d4 Bg7 4. c3 cxd4 5. cxd4 d5 6. e5 Bg4 7. Bb5+ Nc6 8. Qa4 Qb6 9. Bd2 a6 10. Bxc6+ Qxc6 11. Qxc6+ bxc6 12. Nc3 Bxf3 13. gxf3 Nh6 14. Rc1 Nf5 15. Be3 a5 16. Na4 Ra6 17. Ke2 e6 18. Kd3 h6 19. Rc3 Kd8 20. Bd2 Kc7 21. Nc5 Ra7 22. Ra3 Rha8 23. Ra4 Bf8 24. Nb3 Bb4 25. Rc1 Bxd2 26. Kxd2 Ne7 27. Rc5 Kb6 28. Ke3 g5 29. Rc3 Kc7 30. Rc5 Kb6 31. Nc1 Nf5+ 32. Kd3 Nh4 33. Ke2 Nf5 34. Nd3 Kc7 35. h3 Kb6 36. Rc3 Ne7 37. f4 Ng6 38. Kf3 gxf4 39. Nxf4 Nh4+ 40. Ke2 Nf5 41. Nd3 Rg8 42. Kf1 Nh4 43. Rb3+ Kc7 44. Nc5 Nf5 45. Rba3 Kb6 46. Nb3 Rga8 47. Ke2 Rg8 48. Kd2 Rga8 49. Kc3 Kc7 50. Nc5 Kb6 51. Kd3 Ne7 52. b4 axb4 53. Rxb4+ Kc7 54. Rxa7+ Rxa7 55. a4 Nf5 56. Kc3 Kc8 57. Rb6 Kc7 58. Rb1 Nh4 59. Rg1 Nf5 60. Rg8 Kb6 61. Rb8+ Kc7 62. Rf8 Kb6 63. f4 Nh4 64. Kb4 Rc7 65. Ra8 Re7 66. a5+ 1-0

[Event "Angarsk Golden Autumn"]
[Site "Angarsk"]
[Date "2015.10.20"]
[Round "2"]
[White "Bychkov, Vladimir"]
[Black "Suvorov, Sergei"]
[Result "0-1"]
[WhiteElo "2090"]
[BlackElo "2229"]
[PlyCount "126"]
[EventDate "2015.10.19"]
[EventType "tourn"]
[EventRounds "13"]
[EventCountry "RUS"]
[SourceTitle "EXT 2018"]
[Source "ChessBase"]
[SourceDate "2017.10.13"]
[SourceVersion "1"]
[SourceVersionDate "2017.10.13"]
[SourceQuality "1"]

1. c4 g6 2. Nc3 Bg7 3. d4 Nf6 4. e4 d6 5. Be2 0-0 6. Nf3 e5 7. 0-0 Nc6 8. d5 Ne7 9. Ne1 Nd7 10. Nd3 f5 11. Bd2 Kh8 12. Rc1 Ng8 13. f3 f4 14. Nb5 a6 15. Na3 b6 16. b4 Ndf6 17. c5 b5 18. Nb1 g5 19. Nf2 h5 20. a4 bxa4 21. Qxa4 g4 22. Nh1 Rf7 23. Rc2 Bf8 24. Qa5 Rg7 25. Nc3 g3 26. hxg3 fxg3 27. Be1 h4 28. f4 exf4 29. Rxf4 Bg4 30. Nd1 Bxe2 31. Rxe2 Rg4 32. Rxg4 Nxg4 33. Bc3+ Bg7 34. Qa3 Qg5 35. b5 Bxc3 36. Qxc3+ Qf6 37. b6 cxb6 38. c6 Qxc3 39. Nxc3 N8f6 40. Na4 Rb8 41. Rb2 Re8 42. Nxb6 Rxe4 43. Rb1 Ne8 44. Na8 Rc4 45. Re1 Kg7 46. Kf1 Kf7 47. Ke2 Ngf6 48. Kd3 Rc5 49. Ra1 Nxd5 50. Ra4 Rxc6 51. Rxh4 Rc8 52. Rh7+ Ng7 53. Nxg3 Rxa8 54. Nf5 Kg6 55. Rxg7+ Kxf5 56. g4+ Kf6 57. Rh7 Rg8 58. Kd4 Ne7 59. Rh6+ Rg6 60. Rh4 Rg5 61. Ke4 Ng6 62. Rh7 Ke6 63. Kf3 Ne5+ 0-1

[Event "Angarsk Golden Autumn"]
[Site "Angarsk"]
[Date "2015.10.19"]
[Round "1"]
[White "Suvorov, Sergei"]
[Black "Mjakonkikh, Dmitry"]
[Result "1-0"]
[WhiteElo "2229"]
[BlackElo "2211"]
[PlyCount "79"]
[EventDate "2015.10.19"]
[EventType "tourn"]
[EventRounds "13"]
[EventCountry "RUS"]
[SourceTitle "EXT 2018"]
[Source "ChessBase"]
[SourceDate "2017.10.13"]
[SourceVersion "1"]
[SourceVersionDate "2017.10.13"]
[SourceQuality "1"]

1. e4 c6 2. d4 d5 3. e5 Bf5 4. Nf3 e6 5. Be2 Ne7 6. 0-0 h6 7. Nbd2 Nd7 8. Nb3 g5 9. Bd2 Qc7 10. Rc1 a5 11. a4 Bg7 12. Qe1 b6 13. c4 Qb7 14. h4 g4 15. Nh2 h5 16. cxd5 Nxd5 17. f3 gxf3 18. Rxf3 Bf8 19. Bg5 Rc8 20. Qf1 Rc7 21. Nd2 Bb4 22. Nc4 Nb8 23. Nd6+ Bxd6 24. exd6 Rd7 25. Rxf5 exf5 26. Qxf5 0-0 27. Bf6 Nxf6 28. Qxf6 Rfd8 29. Qg5+ Kf8 30. Qh6+ Kg8 31. Rc3 Rxd6 32. Rg3+ Rg6 33. Rxg6+ fxg6 34. Bc4+ Rd5 35. Qxg6+ Qg7 36. Bxd5+ cxd5 37. Qe8+ Qf8 38. Qxh5 Qd6 39. Ng4 Nd7 40. Nh6+ 1-0

[Event "Angarsk Alfa Cup 1st"]
[Site "Angarsk"]
[Date "2015.05.28"]
[Round "10"]
[White "Suvorov, Sergei"]
[Black "Shirokovsky, Alexander"]
[Result "1-0"]
[WhiteElo "2209"]
[BlackElo "2346"]
[PlyCount "75"]
[EventDate "2015.05.19"]
[EventType "tourn"]
[EventRounds "11"]
[EventCountry "RUS"]
[SourceTitle "EXT 2016"]
[Source "ChessBase"]
[SourceDate "2015.10.08"]
[SourceVersion "1"]
[SourceVersionDate "2015.10.08"]
[SourceQuality "1"]

1. e4 c6 2. d4 g6 3. Nc3 d5 4. e5 Bg7 5. f4 Nh6 6. Be2 b6 7. Be3 Ba6 8. Bf3 Nf5 9. Bf2 e6 10. g4 Nh4 11. h3 h5 12. Rh2 Nxf3+ 13. Nxf3 Qc7 14. Qd2 c5 15. Bh4 Nc6 16. 0-0-0 Nxd4 17. Nxd4 cxd4 18. Qxd4 Qc4 19. Qf2 Rc8 20. Bf6 Bxf6 21. exf6 Qc5 22. Qg3 Qc7 23. Rf2 Bc4 24. a3 b5 25. Qe3 hxg4 26. hxg4 Kf8 27. Rdd2 Qc5 28. Qg3 d4 29. Rh2 Rg8 30. Ne4 Qd5 31. Ng5 Qd6 32. Rh7 Rc7 33. Qh2 Ke8 34. Rg7 Qf8 35. Rxg8 Qxg8 36. Rxd4 Bd5 37. Qe2 Bc4 38. Qe5 1-0

[Event "Angarsk Alfa Cup 1st"]
[Site "Angarsk"]
[Date "2015.05.20"]
[Round "2"]
[White "Sidorov, Anton"]
[Black "Suvorov, Sergei"]
[Result "0-1"]
[WhiteElo "2158"]
[BlackElo "2209"]
[PlyCount "98"]
[EventDate "2015.05.19"]
[EventType "tourn"]
[EventRounds "11"]
[EventCountry "RUS"]
[SourceTitle "EXT 2016"]
[Source "ChessBase"]
[SourceDate "2015.10.08"]
[SourceVersion "1"]
[SourceVersionDate "2015.10.08"]
[SourceQuality "1"]

1. d4 Nf6 2. Nf3 g6 3. Bf4 Bg7 4. e3 0-0 5. Be2 d6 6. h3 Nbd7 7. 0-0 Re8 8. c4 c6 9. Nc3 a6 10. a4 a5 11. Qd2 Nf8 12. e4 N6d7 13. Rad1 e5 14. Be3 Qe7 15. Rfe1 exd4 16. Nxd4 Nc5 17. f3 f5 18. Nc2 fxe4 19. Bxc5 dxc5 20. Bd3 Rd8 21. Rxe4 Qd6 22. Re2 Ne6 23. Ne4 Qf8 24. Qe3 Bxb2 25. Kh1 Bg7 26. Ree1 Nd4 27. Nxd4 Bxd4 28. Qg5 Bf5 29. h4 Rd7 30. g4 Be6 31. Kg2 Re8 32. Rh1 h6 33. Qc1 Rf7 34. Rhf1 Kg7 35. Qc2 Qe7 36. Ng3 Rf6 37. g5 hxg5 38. hxg5 Rf4 39. Bxg6 Rh8 40. Rh1 Qxg5 41. Rxh8 Kxh8 42. Rh1+ Kg7 43. Rh7+ Kf6 44. Be4 Rh4 45. Rxh4 Qxh4 46. Bf5 Be5 47. f4 Bxf4 48. Qc3+ Be5 49. Ne4+ Qxe4+ 0-1

[Event "Irkutsk-ch op"]
[Site "Irkutsk"]
[Date "2011.04.16"]
[Round "1"]
[White "Iskhakov, Artem"]
[Black "Suvorov, Sergei"]
[Result "0-1"]
[WhiteElo "1964"]
[BlackElo "2288"]
[PlyCount "116"]
[EventDate "2011.04.16"]
[EventType "swiss"]
[EventRounds "9"]
[EventCountry "RUS"]
[SourceTitle "EXT 2013"]
[Source "ChessBase"]
[SourceDate "2012.11.22"]
[SourceVersion "1"]
[SourceVersionDate "2012.11.22"]
[SourceQuality "1"]

1. d4 Nf6 2. Nf3 g6 3. b3 Bg7 4. Bb2 0-0 5. g3 d6 6. Bg2 Nbd7 7. 0-0 a5 8. a4 Re8 9. Re1 e5 10. dxe5 Ng4 11. e4 Ngxe5 12. Nxe5 Nxe5 13. Kh1 Ng4 14. Qc1 Nxf2+ 15. Kg1 Bxb2 16. Qxb2 Ng4 17. Na3 Ne5 18. Nb5 Bg4 19. Qc3 Re7 20. h3 Be6 21. Rad1 Qd7 22. Kh2 Qc6 23. Qd2 Qc5 24. Re3 Rae8 25. Rc3 Qb6 26. Qf4 Kg7 27. Rf1 h6 28. Qf6+ Kh7 29. Rd1 Rd7 30. Kh1 Rg8 31. Rd2 g5 32. g4 Rg6 33. Qf1 Kg7 34. Qe2 Rf6 35. Nd4 Rf4 36. Nf5+ Bxf5 37. exf5 Rd4 38. Re3 c6 39. Qd1 Rxd2 40. Qxd2 f6 41. c4 Qb4 42. Qd1 d5 43. cxd5 cxd5 44. Qe2 Qf4 45. Bf1 d4 46. Re4 Qc1 47. Rxe5 fxe5 48. Qxe5+ Kf8 49. Qh8+ Kf7 50. Qh7+ Ke8 51. Qh8+ Ke7 52. f6+ Kd6 53. Qf8+ Kc7 54. Kg2 Qd2+ 55. Kh1 Qc1 56. Kg2 Qc2+ 57. Kg1 d3 58. Qe8 Qc5+ 0-1

[Event "Sibiria Region-ch"]
[Site "Russia"]
[Date "2007.03.24"]
[Round "7"]
[White "Suvorov, Sergei"]
[Black "Dolsonov, Ayusha"]
[Result "0-1"]
[WhiteElo "2317"]
[BlackElo "1958"]
[PlyCount "106"]
[EventDate "2007.03.18"]
[EventType "swiss"]
[EventRounds "9"]
[EventCountry "RUS"]
[SourceTitle "EXT 2008"]
[Source "ChessBase"]
[SourceDate "2007.11.25"]
[SourceVersion "1"]
[SourceVersionDate "2007.11.25"]
[SourceQuality "1"]

1. e4 c5 2. Nf3 d6 3. d4 cxd4 4. Nxd4 Nf6 5. Nc3 a6 6. Bg5 e6 7. Qf3 Nbd7 8. 0-0-0 Qc7 9. Qg3 b5 10. Bxb5 axb5 11. Ndxb5 Qa5 12. Nxd6+ Bxd6 13. Rxd6 0-0 14. Rhd1 Kh8 15. a3 h6 16. Bxf6 Nxf6 17. e5 Ng8 18. R1d4 Bb7 19. Rb4 Qc7 20. Nb5 Qc5 21. Rd3 Bd5 22. Rc3 Qe7 23. Rc7 Qd8 24. Rf4 Ne7 25. c4 Rb8 26. Rc5 Ba8 27. Nd6 Nf5 28. Nxf5 exf5 29. Qe3 Qe7 30. Rxf5 Rfd8 31. Rf4 Qd7 32. Qe2 Rb3 33. Rb5 Rd3 34. Kb1 Bc6 35. Rb4 Rd2 36. Qe3 Rd1+ 37. Ka2 Rd3 38. Qc5 Rc8 39. Qb6 Bxg2 40. a4 Rd1 41. Qe3 Rg1 42. Qe2 Bh3 43. a5 Be6 44. Qe3 Qd1 45. Qb6 Qa1+ 46. Kb3 Rb1 47. Kc2 Rd1 48. Rd4 Qb1+ 49. Kc3 Rc1+ 50. Kb3 Qc2+ 51. Ka2 Bf5 52. Rd8+ Rxd8 53. Qxd8+ Kh7 0-1

[Event "Sibiria Region-ch"]
[Site "Russia"]
[Date "2007.03.18"]
[Round "1"]
[White "Suvorov, Sergei"]
[Black "Sagdeev, Rinel"]
[Result "1-0"]
[WhiteElo "2317"]
[BlackElo "1993"]
[PlyCount "51"]
[EventDate "2007.03.18"]
[EventType "swiss"]
[EventRounds "9"]
[EventCountry "RUS"]
[SourceTitle "EXT 2008"]
[Source "ChessBase"]
[SourceDate "2007.11.25"]
[SourceVersion "1"]
[SourceVersionDate "2007.11.25"]
[SourceQuality "1"]

1. e4 c6 2. d4 d5 3. e5 Bf5 4. h4 h6 5. g4 Bg6 6. h5 Bh7 7. e6 fxe6 8. Bd3 Be4 9. f3 Qd6 10. fxe4 Qg3+ 11. Kf1 dxe4 12. Rh3 Qd6 13. Bxe4 g5 14. Nf3 Nd7 15. Bg6+ Kd8 16. Nbd2 Bg7 17. Qe2 Ngf6 18. Ne5 Qxd4 19. Rd3 Nxh5 20. Nf7+ Kc7 21. Bxh5 Qf6+ 22. Rf3 Qd4 23. Nb3 Qd5 24. c4 Qxf3+ 25. Qxf3 Raf8 26. Kg2 1-0